000
00233nam a22000857a 4500
008
160912b xxu||||| |||| 00| 0 eng d
100
_9
401
_a
Gupta. R.G. etal
245
_a
Composide Mathematics-1
260
_a
New Delhi
_b
APC. Publishers
_c
2012
999
_c
3059
_d
3059